| 000 | 01429cam a2200373 a 4500 | ||
|---|---|---|---|
| 001 | 1371 | ||
| 005 | 20230822151826.0 | ||
| 008 | 931021s1994 ilua j 000 1 eng | ||
| 020 | _a0807528560 (hardcover) | ||
| 020 | _a9780807528556 | ||
| 040 |
_aDLC _cDLC _dOCoLC _dDLC |
||
| 050 | 0 | 0 |
_aPZ7.W244 _bGh 1994 |
| 082 | 0 | 0 |
_aFic _220 |
| 100 | 1 |
_aWarner, Gertrude Chandler _d1890-1979. |
|
| 245 | 1 | 4 |
_aThe ghost ship mystery / _ccreated by Gertrude Chandler Warner ; illustrated by Charles Tang. |
| 260 |
_aMorton Grove, Ill. : _bA. Whitman, _c1994. |
||
| 300 |
_a122 pages : _billustrations ; _c20 cm |
||
| 490 | 1 |
_aThe Boxcar children mysteries _vBook 39 |
|
| 505 | _aO | ||
| 520 | _aWhile visiting the seaport town of Ragged Cove, Massachusetts, the Alden children find the ship's log of the Flying Cloud, shipwrecked in 1869, supposedly during a mutiny. | ||
| 521 |
_a610
_bLexile |
||
| 521 |
_aO
_bRaz-Plus |
||
| 650 | 0 |
_aBoxcar children (Fictitious characters) _vJuvenile fiction. |
|
| 650 | 0 |
_aOrphans _vJuvenile fiction. |
|
| 650 | 0 |
_aFamilies _vJuvenile fiction. |
|
| 650 | 1 |
_aBrothers and sisters _vFiction. |
|
| 650 | 1 |
_aOrphans _vFiction. |
|
| 650 | 1 |
_aShipwrecks _vFiction. |
|
| 650 | 1 | _aMystery and detective stories. | |
| 655 | 7 |
_aDetective and mystery stories. _2gsafd |
|
| 700 | 1 |
_aTang, Charles _eillustrator |
|
| 906 |
_a7 _bcbc _corignew _d1 _eocip _f19 _gy-gencatlg |
||
| 942 |
_2ddc _cBK _n0 |
||
| 999 |
_c1371 _d1371 |
||